000 00411nam a2200145Ia 4500
008 230917s9999||||xx |||||||||||||| ||und||
040 _e184420
_aMAIN
041 _aEnglish
082 _a370 C458S
100 _aChaudhary, Neetu
245 0 _aStudy of adjustment of visually challenged adolescents in relation to their anxiety and degree of imparirment
260 _c2008
300 _a240 p.
942 _cTH
999 _c125234
_d125234